Online
Catalog
Normal view MARC view

Entry Nombre personal

Number of records used in: 23

001 - NÚMERO DE CONTROL

  • campo de control: 8438

003 - IDENTIFICADOR DEL NÚMERO DE CONTROL

  • campo de control: BNPHU

005 - FECHA Y HORA DE LA ÚLTIMA TRANSACCIÓN

  • campo de control: 20240314181435.0

008 - DATOS DE LONGITUD FIJA

  • campo de control de longitud fija: 200615|| aca||aabn | a|a d

010 ## - NÚMERO DE CONTROL DE LA BIBLIOTECA DEL CONGRESO

  • Número de control de LC: n 81125950

040 ## - FUENTE DE LA CATALOGACIÓN

  • Centro/agencia transcriptor: OSt
  • Centro catalogador/agencia de origen: DO-SdBNP
  • Lengua de catalogación: BNPHU

100 1# - ENCABEZAMIENTO-NOMBRE DE PERSONA

  • Nombre de persona: Amiama, Manuel A.
  • Fechas asociadas al nombre: 1899-1991

370 ## - LUGAR ASOCIADO

  • Lugar de nacimiento: Santo Domingo
  • Lugar de fallecimiento: Santo Domingo

372 ## - CAMPO DE ACTIVIDAD

  • Campo de actividad: Abogado
  • Campo de actividad: Periodista
  • Campo de actividad: historiador
  • Campo de actividad: Novelista

375 ## - GÉNERO/SEXO

  • Género/Sexo: Masculino

377 ## - LENGUA/LENGUAJE ASOCIADO

  • Código del idioma: spa

400 1# - TRAZADO DE VÉASE--NOMBRE DE PERSONA

  • Nombre de persona: Amiama, Manuel Antonio
  • Fechas asociadas al nombre: 1899-1991

670 ## - FUENTE DE DATOS ENCONTRADOS

  • Cita de la fuente: Work cat.: (OSt)2514: Amiama, Manuel A., Prontuario de legislación administrativa dominicana /, 1982.

670 ## - FUENTE DE DATOS ENCONTRADOS

  • Cita de la fuente: El periodismo en al república dominicana, 1933.

670 ## - FUENTE DE DATOS ENCONTRADOS

  • Identificador Uniforme del Recurso: https://catalogo.academiadominicanahistoria.org.do/opac-tmpl/files/ppcodice/CLIO-1991-147-148-095-096.pdf Consultado en 14/03/2024

Powered by Koha